| 000 | 00534nam a22001457a 4500 | ||
|---|---|---|---|
| 008 | 230410b |||||||| |||| 00| 0 eng d | ||
| 040 |
_aNational Science Library _cNational Science Library |
||
| 080 |
_aR 651.926-051(540)(058) _bM9 |
||
| 245 |
_aDirectory of foreign language scientific and technical translators in India _c/ Indian Scientific Translators Association |
||
| 260 |
_aNew Delhi: _bIndian Scientific Translators Association, _c1989 |
||
| 300 | _a253p. | ||
| 650 | _aManagement | ||
| 653 | _aLanguage | ||
| 942 |
_2udc _cREF |
||
| 999 |
_c20117 _d20117 |
||